[Event "SJNR-ch U14"]
[Site "Kranenburg"]
[Date "2005.01.05"]
[Round "6"]
[White "Bashylin, Vsevolod"]
[Black "Capellen, Patrick"]
[Result "1/2-1/2"]
[WhiteElo "1236"]
[BlackElo "1460"]
[PlyCount "51"]
[EventDate "2005.01.02"]
[EventType "swiss"]
[EventRounds "7"]
[EventCountry "GER"]
[SourceTitle "EXT 2007"]
[Source "ChessBase"]
[SourceDate "2006.11.23"]
[SourceVersion "1"]
[SourceVersionDate "2006.11.23"]
[SourceQuality "1"]

1. d4 c6 2. c3 d5 3. Nf3 Nf6 4. Bf4 e6 5. e3 Bd6 6. Bxd6 Qxd6 7. Bd3 Nbd7 8. 0-0 0-0 9. Nbd2 e5 10. dxe5 Nxe5 11. Nxe5 Qxe5 12. Nf3 Qc7 13. Qc2 Bd7 14. h3 Rfe8 15. Rfd1 h6 16. Rd2 Rad8 17. Rad1 Ne4 18. Bxe4 Rxe4 19. Rd4 Rxd4 20. Nxd4 Qa5 21. b3 Qc7 22. c4 dxc4 23. Qxc4 Be6 24. Qc2 Qd6 25. Rc1 Bd5 26. Qc5 1/2-1/2

[Event "SJNR-ch U14"]
[Site "Kranenburg"]
[Date "2005.01.05"]
[Round "5"]
[White "Capellen, Patrick"]
[Black "Brinkmann, Benedikt"]
[Result "1/2-1/2"]
[WhiteElo "1460"]
[BlackElo "1357"]
[PlyCount "28"]
[EventDate "2005.01.02"]
[EventType "swiss"]
[EventRounds "7"]
[EventCountry "GER"]
[SourceTitle "EXT 2007"]
[Source "ChessBase"]
[SourceDate "2006.11.23"]
[SourceVersion "1"]
[SourceVersionDate "2006.11.23"]
[SourceQuality "1"]

1. Nf3 d5 2. c4 c6 3. b3 Bg4 4. Ne5 Nf6 5. Nxg4 Nxg4 6. h3 Nf6 7. Bb2 Nbd7 8. d3 e6 9. g3 Bb4+ 10. Nd2 Qb6 11. Bg2 dxc4 12. dxc4 0-0-0 13. Qc2 Nc5 14. Bc3 Qa5 1/2-1/2

[Event "SJNR-ch U14"]
[Site "Kranenburg"]
[Date "2005.01.04"]
[Round "4"]
[White "Wurm, Christoph"]
[Black "Capellen, Patrick"]
[Result "1-0"]
[WhiteElo "1394"]
[BlackElo "1460"]
[PlyCount "81"]
[EventDate "2005.01.02"]
[EventType "swiss"]
[EventRounds "7"]
[EventCountry "GER"]
[SourceTitle "EXT 2007"]
[Source "ChessBase"]
[SourceDate "2006.11.23"]
[SourceVersion "1"]
[SourceVersionDate "2006.11.23"]
[SourceQuality "1"]

1. d4 c6 2. c4 d5 3. Nc3 Nf6 4. Bg5 e6 5. Nf3 Nbd7 6. e3 Qc7 7. Bd3 dxc4 8. Bxc4 Bd6 9. Bxf6 Nxf6 10. 0-0 0-0 11. Qc2 h6 12. Bd3 Nd5 13. a3 b6 14. Ne4 Be7 15. b4 Bb7 16. Ne5 Nf6 17. Rac1 Rfc8 18. Nxf6+ Bxf6 19. Nf3 Be7 20. Qb1 Qd7 21. Ne5 Qe8 22. Be4 Bd6 23. Nd3 Rc7 24. Rc3 Rac8 25. Rfc1 Qe7 26. Bf3 Qd7 27. R1c2 Ba6 28. Qc1 Bxd3 29. Rxd3 c5 30. bxc5 Bxc5 31. Qb2 Bd6 32. Rcd2 Qe7 33. g3 Qf6 34. Kg2 Qe7 35. e4 Qd7 36. e5 Be7 37. d5 exd5 38. Bxd5 Qf5 39. Rf3 Qg5 40. h4 Qg4 41. Rf4 1-0

[Event "NRW-ch U12"]
[Site "Wolfsburg"]
[Date "2004.04.17"]
[Round "7"]
[White "Loehrke, Michael"]
[Black "Capellen, Patrick"]
[Result "1-0"]
[WhiteElo "1452"]
[BlackElo "1328"]
[PlyCount "119"]
[EventDate "2004.04.??"]
[EventType "swiss"]
[EventRounds "7"]
[EventCountry "GER"]
[SourceTitle "EXT 2005"]
[Source "ChessBase"]
[SourceDate "2004.11.15"]
[SourceVersion "1"]
[SourceVersionDate "2004.11.15"]
[SourceQuality "1"]

1. e4 e5 2. Nf3 Nf6 3. Bc4 Nxe4 4. d3 Nf6 5. Nxe5 d5 6. Qe2 Be7 7. Bb3 0-0 8. Nc3 Re8 9. 0-0 Bd6 10. d4 c5 11. Be3 Bxe5 12. dxe5 Rxe5 13. f4 Re8 14. Rad1 d4 15. Na4 Qc7 16. Nxc5 dxe3 17. Nd3 Bg4 18. Rf3 Bxf3 19. Qxf3 Nc6 20. Re1 Nd4 21. Qg3 Nxc2 22. Rc1 Qe7 23. Bxc2 e2 24. Re1 Nd5 25. Qf3 Nb6 26. Bb3 Qe3+ 27. Qxe3 Rxe3 28. Ne5 Rf8 29. Bc2 g5 30. Ng4 Re7 31. fxg5 Kg7 32. Kf2 Rfe8 33. Nf6 Rc8 34. Bxh7 Rd8 35. Rxe2 Rxe2+ 36. Kxe2 Nd5 37. Nxd5 Rxd5 38. Be4 Re5 39. Ke3 b6 40. Kf4 Rb5 41. b3 Rb4 42. Kf5 a5 43. h4 Rb5+ 44. Kf4 Rb4 45. h5 a4 46. h6+ Kh8 47. Kf5 axb3 48. axb3 Rd4 49. Ke5 Rb4 50. Bd5 Rb5 51. Kd6 Kh7 52. Kc6 Rc5+ 53. Kd6 Kg6 54. b4 Rc8 55. Kd7 Rc1 56. b5 f6 57. gxf6 Kxf6 58. Bc6 Kg6 59. Kc7 Kxh6 60. Kxb6 1-0

[Event "NRW-ch U12"]
[Site "Wolfsburg"]
[Date "2004.04.13"]
[Round "2"]
[White "Birnkraut, Nils"]
[Black "Capellen, Patrick"]
[Result "1/2-1/2"]
[WhiteElo "1104"]
[BlackElo "1328"]
[PlyCount "112"]
[EventDate "2004.04.??"]
[EventType "swiss"]
[EventRounds "7"]
[EventCountry "GER"]
[SourceTitle "EXT 2005"]
[Source "ChessBase"]
[SourceDate "2004.11.15"]
[SourceVersion "1"]
[SourceVersionDate "2004.11.15"]
[SourceQuality "1"]

1. e4 e5 2. Nf3 Nf6 3. Nc3 Bb4 4. Nxe5 d6 5. Nf3 Bxc3 6. bxc3 Nxe4 7. Qe2 Qe7 8. Bb2 Nc6 9. d3 Nf6 10. Qxe7+ Nxe7 11. Be2 0-0 12. 0-0 Bf5 13. Nd4 Bd7 14. Rfe1 Rfe8 15. c4 Nc6 16. Nxc6 Bxc6 17. Bxf6 gxf6 18. Bg4 Re5 19. d4 Rg5 20. Bh3 f5 21. d5 Bd7 22. Rab1 b6 23. g3 Rd8 24. Rb3 f4 25. Bxd7 Rxd7 26. Kf1 fxg3 27. Rxg3 Rxg3 28. fxg3 Kf8 29. Kf2 Rd8 30. Kf3 Rc8 31. Kg4 c6 32. Re2 cxd5 33. cxd5 Rc5 34. Rd2 Kg7 35. Kf5 Ra5 36. c4 Ra3 37. Rc2 Rf3+ 38. Kg4 Re3 39. Kf4 Re5 40. g4 Kg6 41. h4 Re7 42. h5+ Kg7 43. a4 h6 44. Rg2 f6 45. Rc2 Rc7 46. Kf5 Re7 47. a5 Kf7 48. axb6 axb6 49. Rb2 Rb7 50. c5 dxc5 51. d6 b5 52. Rd2 Rd7 53. Rd5 c4 54. Rxb5 Rxd6 55. Rc5 Re6 56. Rc7+ Re7 1/2-1/2

[Event "NRW-ch U12"]
[Site "Wolfsburg"]
[Date "2004.04.12"]
[Round "1"]
[White "Capellen, Patrick"]
[Black "Mazarov, Juergen"]
[Result "0-1"]
[WhiteElo "1328"]
[BlackElo "1673"]
[PlyCount "142"]
[EventDate "2004.04.??"]
[EventType "swiss"]
[EventRounds "7"]
[EventCountry "GER"]
[SourceTitle "EXT 2005"]
[Source "ChessBase"]
[SourceDate "2004.11.15"]
[SourceVersion "1"]
[SourceVersionDate "2004.11.15"]
[SourceQuality "1"]

1. c4 e6 2. Nf3 d5 3. cxd5 exd5 4. Nc3 Nf6 5. g3 Bg4 6. Bg2 Be7 7. 0-0 0-0 8. h3 Bh5 9. Qb3 b6 10. e3 c6 11. d4 Qc8 12. Bd2 Bxf3 13. Bxf3 Qxh3 14. Qd1 Bd6 15. e4 dxe4 16. Nxe4 Nxe4 17. Bg4 Qxg4 18. Qxg4 Nxd2 19. Rfd1 Nc4 20. b3 Na5 21. Qf3 Nd7 22. a3 Rac8 23. b4 Nb7 24. Rac1 Nb8 25. Rc2 Rc7 26. Rdc1 Rfc8 27. b5 Na5 28. Qe3 c5 29. dxc5 Bxc5 30. Qd3 Rd7 31. Qe3 Rcd8 32. Qf3 Rd3 33. Qg4 Bxa3 34. Re1 Bc5 35. Rce2 Kf8 36. Kg2 Nd7 37. Qe4 Nf6 38. Qf4 R3d4 39. Qf3 Rb4 40. g4 Rxg4+ 41. Kf1 Rgd4 42. Qg3 Nc4 43. Qc7 R4d7 44. Qg3 Nd2+ 45. Kg2 Rd6 46. Qe5 Rd5 47. Qc7 Rg5+ 48. Kh1 Rh5+ 49. Kg2 Rg5+ 50. Kh1 Rgd5 51. Qxa7 Nf3 52. Rf1 Ng4 53. Kg2 Rd3 54. Rh1 Nd4 55. Ree1 Nxb5 56. Qa4 Nd4 57. Rxh7 Kg8 58. Re8+ Rxe8 59. Qxe8+ Kxh7 60. Qxf7 Rd2 61. Qh5+ Nh6 62. Qh4 Nc6 63. Qe4+ Kh8 64. Qe6 Rxf2+ 65. Kg3 Nf5+ 66. Kg4 Nh6+ 67. Kg5 Rf8 68. Qd7 Be3+ 69. Kg6 Rf6+ 70. Kh5 Rf5+ 71. Kg6 Rg5# 0-1